[Event "GER-ch U25-A"]
[Site "Willingen"]
[Date "2017.06.10"]
[Round "9"]
[White "Kracht, Raphael"]
[Black "Munkhjargal, Narmandakh"]
[Result "1-0"]
[WhiteElo "1821"]
[BlackElo "1957"]
[PlyCount "112"]
[EventDate "2017.06.04"]
[EventType "swiss"]
[EventRounds "9"]
[EventCountry "GER"]
[SourceTitle "CBM 178 Extra"]
[Source "ChessBase"]
[SourceDate "2017.06.22"]
[SourceVersion "1"]
[SourceVersionDate "2017.06.22"]
[SourceQuality "1"]

1. e4 c5 2. d4 cxd4 3. c3 dxc3 4. Nxc3 Nc6 5. Nf3 d6 6. Bc4 Nf6 7. e5 dxe5 8. Qxd8+ Nxd8 9. Nb5 Rb8 10. Nxe5 e6 11. Nc7+ Ke7 12. Be3 b6 13. 0-0-0 h6 14. Rxd8 Kxd8 15. Nxf7+ Kxc7 16. Bf4+ Kb7 17. Nxh8 Ra8 18. Nf7 Bd7 19. Kb1 Bc6 20. Rd1 Bd5 21. Bxd5+ Nxd5 22. Bg3 Bc5 23. f3 Rf8 24. Ne5 Rd8 25. Rd3 Rc8 26. Nc4 Be7 27. Nd6+ Bxd6 28. Bxd6 Rc6 29. Be5 g6 30. b3 a5 31. Kb2 Nb4 32. Rd2 Kc8 33. a3 Nd5 34. Bd4 Kd7 35. Rc2 Nf4 36. Rxc6 Kxc6 37. Be3 Nxg2 38. Bxh6 Kd5 39. Kc3 e5 40. Bg5 Ne1 41. f4 e4 42. Bd8 e3 43. Bxb6 Ke4 44. Bxa5 Nf3 45. Kc2 e2 46. a4 e1Q 47. Bxe1 Nxe1+ 48. Kc3 Nd3 49. a5 Nxf4 50. a6 Nd5+ 51. Kc4 Nc7 52. a7 Ke5 53. Kc5 Ne6+ 54. Kc6 Nd4+ 55. Kb7 Nxb3 56. a8Q Nc5+ 1-0

[Event "GER-ch U25-A"]
[Site "Willingen"]
[Date "2017.06.09"]
[Round "8"]
[White "Munkhjargal, Narmandakh"]
[Black "Garbuz, Vitaliy"]
[Result "0-1"]
[WhiteElo "1957"]
[BlackElo "1853"]
[PlyCount "74"]
[EventDate "2017.06.04"]
[EventType "swiss"]
[EventRounds "9"]
[EventCountry "GER"]
[SourceTitle "CBM 178 Extra"]
[Source "ChessBase"]
[SourceDate "2017.06.22"]
[SourceVersion "1"]
[SourceVersionDate "2017.06.22"]
[SourceQuality "1"]

1. d4 Nf6 2. c4 e5 3. dxe5 Ng4 4. Nf3 Bc5 5. e3 Nc6 6. Be2 Ngxe5 7. Nxe5 Nxe5 8. 0-0 0-0 9. a3 a5 10. Bd2 Re8 11. Nc3 d6 12. Qc2 Be6 13. Nd5 a4 14. Rad1 Qd7 15. Bb4 Bxb4 16. axb4 a3 17. c5 a2 18. Nc3 Nc6 19. Bb5 Nxb4 20. Qe4 Nc6 21. Qf4 Bb3 22. Rc1 dxc5 23. Ne4 Qd5 24. Nxc5 a1Q 25. Rxa1 Qxc5 26. Bxc6 Qxc6 27. Rac1 Qd6 28. Rxc7 Qxf4 29. exf4 Bd5 30. Rd1 Bc6 31. b4 Rac8 32. Rxc8 Rxc8 33. h4 f6 34. g4 Rc7 35. g5 Rd7 36. Re1 Rd4 37. gxf6 gxf6 0-1